Statistics for World Capitals by First Two Letters by Map

Click here to take the quiz!

General Stats

  • This quiz has been taken 126 times
  • The average score is 135 of 196

Answers on the Map

Answers color-coded by a green-red scale on the quiz's map according to % correct below.
 

Answer Stats

countrycapital% Correct
SpainMadrid
97%
Marshall IslandsMajuro
97%
Equatorial GuineaMalabo
97%
MaldivesMalé
97%
NicaraguaManagua
97%
BahrainManama
97%
PhilippinesManila
97%
MozambiqueMaputo
97%
LesothoMaseru
97%
PolandWarsaw
96%
United StatesWashington
96%
ChinaBeijing
94%
LebanonBeirut
94%
SerbiaBelgrade
94%
BelizeBelmopan
94%
GermanyBerlin
94%
SwitzerlandBern
94%
EgyptCairo
94%
AustraliaCanberra
94%
VenezuelaCaracas
94%
Saint LuciaCastries
94%
Federated States of MicronesiaPalikir
94%
PanamaPanama City
94%
SurinameParamaribo
94%
FranceParis
94%
South AfricaPretoria
Cape Town
Bloemfontein
94%
GabonLibreville
92%
MalawiLilongwe
92%
PeruLima
92%
PortugalLisbon
92%
TogoLomé
92%
United KingdomLondon
92%
SomaliaMogadishu
92%
MonacoMonaco
92%
LiberiaMonrovia
92%
UruguayMontevideo
92%
ComorosMoroni
92%
RussiaMoscow
92%
BrazilBrasília
91%
SlovakiaBratislava
91%
Republic of the CongoBrazzaville
91%
BarbadosBridgetown
91%
BelgiumBrussels
91%
BeninPorto-Novo
Cotonou
91%
MexicoMexico City
90%
GrenadaSaint George's
90%
Antigua and BarbudaSaint John's
90%
YemenSana'a
90%
Costa RicaSan José
90%
San MarinoSan Marino
90%
El SalvadorSan Salvador
90%
ChileSantiago
90%
Dominican RepublicSanto Domingo
90%
São Tomé and PríncipeSão Tomé
90%
Bosnia and HerzegovinaSarajevo
90%
JapanTokyo
86%
IrelandDublin
84%
TajikistanDushanbe
84%
Sri LankaColombo
83%
BoliviaLa Paz
Sucre
83%
RomaniaBucharest
82%
HungaryBudapest
82%
ArgentinaBuenos Aires
82%
IraqBaghdad
81%
AzerbaijanBaku
81%
MaliBamako
81%
BruneiBandar Seri Begawan
81%
ThailandBangkok
81%
Central African RepublicBangui
81%
GambiaBanjul
81%
Saint Kitts and NevisBasseterre
81%
NorwayOslo
81%
CanadaOttawa
81%
ColombiaBogotá
78%
FinlandHelsinki
78%
AndorraAndorra la Vella
77%
TurkeyAnkara
77%
MadagascarAntananarivo
77%
GuineaConakry
77%
DenmarkCopenhagen
77%
VietnamHanoi
77%
ZimbabweHarare
77%
CubaHavana
77%
LatviaRiga
77%
Saudi ArabiaRiyadh
77%
RwandaKigali
75%
JamaicaKingston
75%
Saint Vincent and the GrenadinesKingstown
75%
Democratic Republic of the CongoKinshasa
75%
IcelandReykjavík
75%
South KoreaSeoul
75%
SwedenStockholm
75%
TaiwanTaipei
75%
EstoniaTallinn
75%
UzbekistanTashkent
75%
MontenegroPodgorica
71%
HaitiPort-au-Prince
71%
MauritiusPort Louis
71%
Papua New GuineaPort Moresby
71%
Trinidad and TobagoPort-of-Spain
71%
VanuatuPort Vila
71%
ItalyRome
71%
DominicaRoseau
71%
SeychellesVictoria
71%
AustriaVienna
71%
LaosVientiane
71%
LithuaniaVilnius
71%
IndiaNew Delhi
70%
LiechtensteinVaduz
70%
MaltaValletta
70%
Vatican CityVatican City
70%
JordanAmman
69%
NetherlandsAmsterdam
69%
TurkmenistanAshgabat
69%
EritreaAsmara
69%
KazakhstanAstana
69%
ParaguayAsunción
69%
New ZealandWellington
68%
KenyaNairobi
66%
BahamasNassau
66%
MyanmarNaypyidaw
66%
AngolaLuanda
65%
ZambiaLusaka
65%
LuxembourgLuxembourg
65%
MoroccoRabat
65%
HondurasTegucigalpa
65%
IranTehran
65%
EcuadorQuito
64%
SenegalDakar
62%
SyriaDamascus
62%
AfghanistanKabul
61%
UgandaKampala
61%
NepalKathmandu
61%
BulgariaSofia
61%
KiribatiSouth Tarawa
61%
AlgeriaAlgiers
60%
TunisiaTunis
60%
GreeceAthens
58%
TanzaniaDodoma
58%
QatarDoha
58%
Czech RepublicPrague
58%
Cape VerdePraia
58%
KosovoPristina
58%
GuatemalaGuatemala City
57%
BelarusMinsk
57%
United Arab EmiratesAbu Dhabi
55%
NigeriaAbuja
55%
MongoliaUlaanbaatar
55%
IndonesiaJakarta
53%
NigerNiamey
53%
CyprusNicosia
53%
FijiSuva
53%
SingaporeSingapore
52%
MalaysiaKuala Lumpur
51%
KuwaitKuwait City
51%
GuyanaGeorgetown
49%
North KoreaPyongyang
49%
LibyaTripoli
49%
NamibiaWindhoek
48%
KyrgyzstanBishkek
47%
Guinea-BissauBissau
47%
OmanMuscat
45%
SudanKhartoum
44%
AlbaniaTirana
43%
EthiopiaAddis Ababa
42%
East TimorDili
42%
MauritaniaNouakchott
40%
MoldovaChișinău
39%
BhutanThimphu
36%
UkraineKyiv
35%
Ivory CoastYamoussoukro
35%
CameroonYaoundé
35%
NauruYaren
35%
ArmeniaYerevan
35%
PakistanIslamabad
34%
IsraelJerusalem
34%
South SudanJuba
34%
CroatiaZagreb
34%
DjiboutiDjibouti
32%
TuvaluFunafuti
32%
SloveniaLjubljana
32%
CambodiaPhnom Penh
32%
North MacedoniaSkopje
32%
BotswanaGaborone
31%
BurundiGitega
31%
GeorgiaTbilisi
31%
GhanaAccra
30%
Solomon IslandsHoniara
30%
TongaNukuʻalofa
30%
Sierra LeoneFreetown
29%
ChadN'Djamena
29%
BangladeshDhaka
23%
PalauNgerulmud
23%
Burkina FasoOuagadougou
23%
SamoaApia
22%
EswatiniMbabane
22%

Score Distribution

Percentile by Number Answered

Percent of People with Each Score

Your Score History

You have not taken this quiz